Sparkle life : a novel /

Bibliographic Details
Main Author: Lindstrom, Kara
Format: Book
Language:English
Published: New York : Other Press, [2006]
Subjects:

MARC

Tag First Indicator Second Indicator Subfields
LEADER 00000cam a2200000 a 4500
001 in00002175708
005 20151104054315.0
008 050729s2006 nyu 000 1 eng
010 |a  2005022026 
020 |a 1590512324 
024 3 |a 9781590512326 
035 |a (OCoLC)ocm61229660 
040 |a DLC  |c DLC  |d BAKER  |d C#P  |d UtOrBLW 
043 |a n-us-ny 
049 |a TXAM 
050 0 0 |a PS3612.I537  |b S67 2006 
082 0 0 |a 813/.6  |2 22 
100 1 |a Lindstrom, Kara. 
245 1 0 |a Sparkle life :  |b a novel /  |c Kara Lindstrom. 
264 1 |a New York :  |b Other Press,  |c [2006] 
264 4 |c ©2006 
300 |a 290 pages ;  |c 23 cm. 
336 |a text  |b txt  |2 rdacontent 
337 |a unmediated  |b n  |2 rdamedia 
338 |a volume  |b nc  |2 rdacarrier 
650 0 |a Women motion picture producers and directors  |v Fiction. 
650 0 |a Armenian Americans  |v Fiction. 
650 0 |a Women immigrants  |v Fiction. 
651 0 |a New York (N.Y.)  |v Fiction. 
655 0 |a Psychological fiction. 
938 |a Baker & Taylor  |b BKTY  |c 24.95  |d 18.71  |i 1590512324  |n 0006648703  |s active 
945 |i PromptCat 
947 |a A14834141128 
994 |a 92  |b TXA 
948 |a cataloged  |b h  |c 2006/6/26  |d c  |e rbarron  |f 2:10:01 pm 
999 |a MARS 
999 f f |s 6c41c2e1-f714-32b5-9b80-1b9f64cadcf2  |i b95a8d45-1efd-372c-aa12-1329114c77ba  |t 0 
952 f f |p ric  |a Texas A&M University  |b Rellis Campus  |c Joint Library Facility  |d Remote Storage  |t 0  |e PS3612.I537 S67 2006  |h Library of Congress classification  |i unmediated -- volume  |m A14834141128 
998 f f |a PS3612.I537 S67 2006  |t 0  |l Remote Storage